[Event "Bogota Parada UNCOLI 1920 1st Infantil"]
[Site "Bogota"]
[Date "2019.09.24"]
[Round "2.4"]
[White "Palacios, Tomas"]
[Black "Hejeile Ortiz, Nicolas"]
[Result "1-0"]
[WhiteElo "1300"]
[BlackElo "1300"]
[PlyCount "59"]
[EventDate "2019.09.24"]
[EventType "swiss"]
[EventRounds "5"]
[EventCountry "COL"]
[SourceTitle "EXT 2024"]
[Source "ChessBase"]
[SourceDate "2023.10.10"]
[SourceVersion "1"]
[SourceVersionDate "2023.10.10"]
[SourceQuality "1"]

1. e4 e5 2. Nf3 d6 3. Bd3 b6 4. 0-0 Bb7 5. Nc3 g6 6. Nd5 Bg7 7. b3 Nf6 8. Nxf6+ Bxf6 9. Bb5+ c6 10. Bd3 0-0 11. Bb2 Na6 12. Qe2 Nb4 13. Bc4 Nxc2 14. Rac1 Nb4 15. d4 b5 16. dxe5 dxe5 17. Rfd1 Qe8 18. Nxe5 bxc4 19. Nd7 Nxa2 20. Rc2 c3 21. Nxf6+ Kg7 22. Nxe8+ Rfxe8 23. Ba3 c5 24. Bxc5 Rg8 25. Qd3 a5 26. Qd4+ f6 27. e5 Kh6 28. Qe3+ Kh5 29. Qh3+ Kg5 30. Be3# 1-0